000 00535nam a2200181Ia 4500
001 7684
005 20260306160513.0
008 260306t2013||||xx |||||||||||||| ||spa||
041 _aESP
082 _a354.328
_bO65D
100 _aOrganismo de Evaluación y Fiscalización Ambiental (Perú)
_eAUT
245 0 _aReglamento del procedimiento administrativo sancionador del Organismo de Evaluación y Fiscalización Ambiental - OEFA
260 _c2013
300 _a
_c
650 _aGEN
654 _aCIA
942 _cLIB
_dJUS
_fJUS
_2ddc
_n
999 _c7684
_d7684